000 00332nam a2200133Ia 4500
100 _aMalvino/ & Brown
942 _cBK
654 _adigital
245 _aDigital computer electronics : Introduction to microcomputers
260 _bTata Mc Graw hill
_aNew Delhi
_c1995
082 _a4.16
_bPAN
300 _a337
546 _aENGLISH
999 _c28903
_d28903